000 01068nam a2200289 a 4500
001 28642
003 BD-RjUL
005 20211209051317.0
008 940321r19141904enk b 000 0 eng d
035 _a(BD-RjUL)BD-RjUL
040 _aBD-RjUL
_beng
_cBD-RjUL
041 1 _aeng
_hsan
082 _223
_a181.4
_bMAS 1914
100 0 _aMādhava,
_d-1386.
_9222538
245 1 4 _aThe Sarva-darśana-saṃgraha or, Review of the different systems of Hindu philosophy /
_cby Madhava Āchārya ; translated by E. B. Cowell and A. E. Gough.
250 _a4th ed., popular ed.
260 _aLondon :
_bKegan Paul, Trench, Trübner,
_c1904 [Re-issue1914.]
300 _aix, 281 p. ;
_c24 cm.
490 _aTrubner's Oriental series
504 _aIncludes bibliographical references.
650 0 _aPhilosophy, Indic.
_9222539
700 1 _aCowell, Edward B.
_q(Edward Byles),
_d1826-1903., tr.
_9222540
700 1 _aGough, Archibald Edward,
_d1845- ,jt. tr.
_9222541
830 _aTrubner's Oriental series
_9222542
942 _2ddc
_cRAR
999 _c28642
_d28642